000
00492nam a2200181Ia 4500
008
090124s9999 xx 000 0 und d
082
_b
124472
100
_a
नाईक गुरुनाथ
245
_a
विषवल्ली
250
_a
1
260
_c
1989
300
_a
143
600
_a
नाईक गुरुनाथ
630
_a
विषवल्ली
700
_a
नाईक गुरुनाथ
730
_a
विषवल्ली
942
_c
BOOK
999
_c
170559
_d
170559